000 00504nam a2200181Ia 4500
008 100122s9999 xx 000 0 und d
082 _b23979
_a823
100 _aGARFIELD BRIAN
245 _aKOLCHAK`S GOLD /BUNDLE-C
250 _a0
260 _bPAN BOOKS LIMITED
_c1975
300 _a329
520 _aमाळयावर गठ्ठा- 9
620 _aमाळयावर गठ्ठा- 9
630 _aKOLCHAK`S GOLD /BUNDLE-C
730 _aKOLCHAK`S GOLD /BUNDLE-C
942 _cBOOK
999 _c367297
_d367294